US States by Amtrak Train Station Quiz Stats

 Plays Quiz not verified by Sporcle

Challenge
Share
Tweet
Embed
Score 0/46 Timer 10:00
0 Plays Today
Stations State % Correct
Memphis, NewbernTennessee
94.1%
Dover, Newark, WilmingtonDelaware
93.5%
Anniston, Birmingham, TuscaloosaAlabama
92.2%
Elko, Laughlin, RenoNevada
91.2%
Gainesville, Jesup, SavannahGeorgia
90.6%
Bangor, Brunswick, WaldoboroMaine
90.2%
Kingston, Providence, WesterlyRhode Island
89.9%
Iselin, New Brunswick, Princeton JunctionNew Jersey
88.3%
Amsterdam, Poughkeepsie, RomeNew York
87.9%
Foxwoods Casino, Mystic, StamfordConnecticut
87.6%
Hastings, Lincoln, McCookNebraska
87.6%
Berlin, Concord, ExeterNew Hampshire
86.3%
Brattleboro, Burlington, RutlandVermont
86.3%
Eureka, Irvine, StocktonCalifornia
86%
Kissimmee, Ocala, Winter ParkFlorida
86%
Amherst, Framingham, SpringfieldMassachusetts
86%
Arkadelphia, Texarkana, Walnut RidgeArkansas
85%
Frisco, Pueblo, VailColorado
85%
Ardmore, Erie, JohnstownPennsylvania
85%
Alton, Urbana, RockfordIllinois
84.7%
Burlington, Cary, DurhamNorth Carolina
83.7%
Green River, Provo, St. GeorgeUtah
83.7%
Maricopa, Winslow, YumaArizona
83.4%
Stations State % Correct
Detroit Lakes, Red Wing, St. CloudMinnesota
83.1%
Culpeper, Manassas, QuanticoVirginia
81.1%
Camden, Clemson, SpartanburgSouth Carolina
80.5%
Harpers Ferry, Huntington, MartinsburgWest Virginia
80.1%
Bellingham, Everett, SkykomishWashington
79.8%
Colby, La Crosse, OshkoshWisconsin
79.5%
Aberdeen, Cumberland, HagerstownMaryland
78.5%
Alliance, Bryan, SanduskyOhio
78.5%
Brookhaven, Hattiesburg, MeridianMississippi
78.2%
Hammond, Lafayette, Lake CharlesLouisiana
77.2%
Hermann, Independence, SedaliaMissouri
75.2%
Garden City, Hutchinson, LawrenceKansas
74.3%
Elkhart, Whiting, LafayetteIndiana
73.9%
Gallup, Hatch, Las VegasNew Mexico
73%
Ardmore, Norman, PurcellOklahoma
73%
Havre, Libby, West GlacierMontana
72%
Bangor, Holland, Traverse CityMichigan
71%
Devils Lake, Minot, RugbyNorth Dakota
70.7%
Albany, Bend, Coos BayOregon
66.8%
Lewiston, McCall, MoscowIdaho
65.8%
Alpine, Nacogdoches, TempleTexas
64.8%
Burlington, Fort Madison, OttumwaIowa
61.9%
Ashland, Fulton, South ShoreKentucky
56.7%

You're not logged in!

Compare scores with friends on all Sporcle quizzes.
OR
Log In

You Might Also Like...

Show Comments

Extras

Top Quizzes Today


Score Distribution

Your Account Isn't Verified!

In order to create a playlist on Sporcle, you need to verify the email address you used during registration. Go to your Sporcle Settings to finish the process.

Report this User

Report this user for behavior that violates our Community Guidelines.

Details: